00467nam a2200121Ia 4500008004100000020002100041100002600062245011400088260004800202300004500250650003100295650001900326200915s9999 xx 000 0 und d a978-971-014-5553 aManzano, Brendalyn A. cBrendalyn A. Manzano, Maria Vanesa P. Arador, Maria Agnes P. Ladia.--aPurposive communication for freshmen / aBulacan :bSt. Andew Publishing Housec2018 ax , 360 pages :billustrations ;c25 cm. aCommunication and culture. aCommunication.